000
00211 a2200097 4500
001
30604
100
_a
Rauf
245
_a
Dynamic Educational Psychology
260
_a
_b
Feroz Sons Ltd
_c
090
_c
20544
_d
20544
942
_a
NUST-CAE
_c
M
_c
11719
999
_c
265677
_d
265677